• 首页
  • 本馆介绍
  • 公告通知
  • 最新文献
  • 馆藏检索
  • 电子资源
  • 读者导购
  • 参考咨询
  • 我的图书馆
  • 登录
  • 详细信息显示
  • 放入我的书架
  • 预约/预借图书
  • 作者相关作品
  • 分类相关作品
  • 丛书相关作品
  • 出版社相关作品

书目信息

  • 表格格式
  • 工作单格式
  • 卡片格式
书名: Communication between cultures
作者: Larry A. Samovar, Richard E. Porter
分册号:
分册名:
出版地: Belmont, CA :
 
出版社: Wadsworth/Thomson Learning
出版时间: c2001.
页数: xii, 334 p. :
开本: 24 cm.
丛书名:
中图分类号:
科图分类号:
其他分类号: G115
主题词:
电子资源:
000 01022nam 2200301 a 4500
001 E0731784188
003 OCoLC
005 20070423085141.71
008 001 0 eng
008 uu
010    @a00035176
020    @a0534534600.
040    @aDLC @cDLC
049    @aN5LA
050 00 @aP94.6 @b.S26 2001
082 00 @a303.48/2 @221
090    @aG115
099    @dG115@ex1=4
100 1  @aSamovar, Larry A.
245 10 @aCommunication between cultures / @cLarry A. Samovar, Richard E. Porter
250    @a4th ed.
260    @aBelmont, CA :@bWadsworth/Thomson Learning,@cc2001.
300    @axii, 334 p. :@bill. ;@c24 cm.
504    @aIncludes bibliographical references (p.305-326) and index.
650  0 @aCommunication and culture.
650  0 @aIntercultural communication.
700 1  @aPorter, Richard E., @ejt. auth. @b00 @c20020930 @lNLC09 @h2255 @b00 @c20021020 @lNLC09 @h2327 @lNLC09 @h0043 @lNLC09 @h2041 @b00 @c20030716 @lNLC09 @h0509
852 9  @bWWJC @cJ09 @k2-2001 @hC912.3 @iS191/2001
    
    Communication between cultures / / Larry A. Samovar, Richard E. Porter.-4th ed.-Belmont, CA : : Wadsworth/Thomson Learning, , c2001.
    xii, 334 p. : : ill. ; ; 24 cm.
    Includes bibliographical references (p.305-326) and index.
    
    ISBN 0534534600.
    
●
相关链接 在E读中查询图书 在五车中查询图书 在当当中查询图书 在豆瓣中查询图书


正题名:Communication between cultures     索取号:G115/x1=4         预约/预借

序号 登录号 条形码 馆藏地/架位号 状态 备注
1 4630   300046304   第二样本阅览室/ [索取号:G115/x1=4] 在馆    
唐山师范学院图书馆 欢迎您!
大连网信软件有限公司© 版权所有